| 000 | 00583cam a2200145u 4500 | ||
|---|---|---|---|
| 082 |
_a967 _bWAL |
||
| 100 | 1 |
_aLivingstone, David, _950089 |
|
| 245 | 0 | 4 | _aThe last journals of David Livingstone, in Central Africa, from 1865 to his death. |
| 260 |
_aHartford, Conn., _bR. W. Bliss & company; _aNewark, N.J., _bF. C. Bliss & co.; [etc., etc.] _c1875. |
||
| 300 |
_a1 p.l., [ix]-xvii, [1], [19]-360 p. (incl. plates, ports., facsism.) _bfront., 2 maps. _c23 cm. |
||
| 526 |
_a0 _b0 _c0 _d967_000000000000000_WAL |
||
| 650 |
_aMCE _9379 |
||
| 700 | 1 |
_aWaller, Horace, _950090 |
|
| 942 |
_2ddc _cBK |
||
| 999 |
_c552838 _d552838 |
||